000 00311nam a22001337a 4500
008 180919b xxu||||| |||| 00| 0 eng d
020 _a9780138574185
041 _aeng
080 _25th
_a159.9
100 _a48
101 _aPSI
245 _aHistory and systems of Psychology
_cBrennan,J.F
942 _2udc
_cBK
999 _c48092
_d48092